书目信息 |
| 题名: |
美国电视节目形态
|
|
| 作者: | 刘利群 , 傅宁 编著 | |
| 分册: | ||
| 出版信息: | 北京 中国传媒大学出版社 2008.03 |
|
| 页数: | 276页 | |
| 开本: | 24cm | |
| 丛书名: | 传媒资讯与研究系列 | |
| 单 册: | ||
| 中图分类: | G229.712 | |
| 科图分类: | ||
| 主题词: | 电视节目--研究--美国 , 电视节目 | |
| 电子资源: | ||
| ISBN: | 978-7-81127-172-0 | |
| 000 | 00894oam2 2200277 450 | |
| 001 | 010700051650 | |
| 005 | 20091208151801.28 | |
| 010 | @a978-7-81127-172-0@dCNY39.00 | |
| 100 | @a20080412d2008 em y0chiy0110 ea | |
| 101 | 0 | @achi |
| 102 | @aCN@b110000 | |
| 105 | @aa z 000yy | |
| 106 | @ar | |
| 200 | 1 | @a美国电视节目形态@9mei guo dian shi jie mu xing tai@f刘利群,傅宁编著 |
| 210 | @a北京@c中国传媒大学出版社@d2008.03 | |
| 215 | @a276页@c图@d24cm | |
| 225 | 2 | @a传媒资讯与研究系列 |
| 330 | @a本书内容包括:美国电视节目形态、新闻联播节目、新闻杂志节目、谈话节目、肥皂剧、真人秀、游戏类节目、综艺节目等。 | |
| 461 | 0 | @12001 @a传媒资讯与研究系列 |
| 606 | 0 | @a电视节目@x研究@y美国 |
| 606 | 0 | @a电视节目 |
| 690 | @aG229.712@v4 | |
| 701 | 0 | @a刘利群@9liu li qun@4编著 |
| 701 | 0 | @a傅宁@9fu ning@4编著 |
| 801 | 0 | @aCN@bRENTIAN@c20091208 |
| 905 | @b20795989-93@dG229.712@e82@f5 | |
| 美国电视节目形态/刘利群,傅宁编著.-北京:中国传媒大学出版社,2008.03 |
| 276页:图;24cm.-(传媒资讯与研究系列) |
| ISBN 978-7-81127-172-0:CNY39.00 |
| 本书内容包括:美国电视节目形态、新闻联播节目、新闻杂志节目、谈话节目、肥皂剧、真人秀、游戏类节目、综艺节目等。 |
| ● |
| 相关链接 |
|
|
|
|
正题名:美国电视节目形态
索取号:G229.712/82
 
预约/预借
| 序号 | 登录号 | 条形码 | 馆藏地/架位号 | 状态 | 备注 |
| 1 | 795989 | 207959896 | 第一样本阅览室/ [索取号:G229.712/82] | 在馆 | |
| 2 | 795990 | 207959903 | 第四借阅区/ [索取号:G229.712/82] | 在馆 | |
| 3 | 795991 | 207959912 | 第四借阅区/ [索取号:G229.712/82] | 在馆 | |
| 4 | 795992 | 207959921 | 第四借阅区/ [索取号:G229.712/82] | 在馆 | |
| 5 | 795993 | 207959930 | 密集书库-文学院/ [索取号:G229.712/82] | 在馆 |